000 00291nam a22001337a 4500
008 180920b xxu||||| |||| 00| 0 eng d
020 _a2901565102360
041 _aeng
080 _a070
100 _a39
101 _aMED
245 _aViolence in the Media
_cBender,D.L
942 _2udc
_cBK
999 _c48118
_d48118